000 00958nam a2200277Ia 4500
003 GCL
008 140319s9999 xx 000 0 ara d
040 _aGCL /
_cGCL
082 0 4 _a709.1
_bح م
100 1 _aحسن الباشا
245 1 0 _aموسوعة العمارة والاثار والفنون الاسلامية /
_cحسن الباشا
250 _aالاولى
260 _aالقاهرة :
_bمكتبة الدار العربية للكتاب ،
_c1999
300 _a5 مج:
_bايض ؛
_c24 سم
650 0 4 _aالعمارة الاسلامية
650 0 4 _aالاثار الاسلامية
650 0 4 _aالمساجد
650 0 4 _aالحضارة الاسلامية
650 0 4 _aالقصور الاسلامية
650 0 4 _aالائمة والاولياء
650 0 4 _aالفن الشرقى
650 0 4 _aالماذن
650 0 4 _aالفن الاسلامى
650 0 4 _aالتصوير الاسلامى
942 _2ddc
_cBK
999 _c4875
_d4875